[Event "Liberec op"]
[Site "Liberec"]
[Date "2006.11.13"]
[Round "3"]
[White "Najman, Jan"]
[Black "Huijzer, Jacques"]
[Result "0-1"]
[WhiteElo "2070"]
[BlackElo "2046"]
[PlyCount "42"]
[EventDate "2006.11.11"]
[EventType "swiss"]
[EventRounds "9"]
[EventCountry "CZE"]
[SourceTitle "CBM 115 Extra"]
[Source "ChessBase"]
[SourceDate "2007.01.10"]
[SourceVersion "1"]
[SourceVersionDate "2007.01.10"]
[SourceQuality "1"]

1. Nf3 g6 2. d4 Bg7 3. c4 d6 4. Nc3 Nc6 5. e3 e5 6. d5 Nce7 7. Bd3 f5 8. e4 Nf6 9. Qb3 0-0 10. c5 h6 11. cxd6 cxd6 12. 0-0 f4 13. Nxe5 dxe5 14. d6+ Kh8 15. dxe7 Qxe7 16. f3 g5 17. h3 Be6 18. Bc4 Qc5+ 19. Rf2 Bxc4 20. Qxb7 Rab8 21. Na4 Qxf2+ 0-1